000 00741nam a2200241 a 4500
001 000023665
005 20250509170321.0
008 101217s1967 mx a r 000 0 spa d
040 _aDO-SdBNP
_bspa
_cBNPHU
082 _a370
_bK21e
100 1 _aKauffman, Joseph F.
_948752
245 1 0 _aEducación /
_cKauffman, Joseph F. ; traducción al español por Rafael Mireles.
260 _aMéxico :
_bUteha,
_c1967.
300 _a191, [14] p. :
_bil. ;
_c18 cm.
490 1 _aManuales Uteha
_v345
490 1 _aEducación
_v17
504 _aBibliografías: p. 180-186
650 0 _aEducación
_951588
700 1 _aMireles, Rafael,
_etr.
_948753
830 0 _aManuales Uteha ;
_v345
_943616
830 0 _aEducación
_v17
_910928
049 _aBNGR
999 _c23161
_d23161